[Event "Copenhagen Chess Challenge 2013"]
[Site "Ballerup"]
[Date "2013.??.??"]
[Round "4"]
[White "Nielsen, Thomas (1975)"]
[Black "Andersen, Rune Egede"]
[Result "0-1"]
[WhiteElo "1886"]
[BlackElo "2069"]
[PlyCount "106"]
[EventDate "2013.??.??"]
[EventType "swiss"]
[EventRounds "9"]
[EventCountry "DEN"]

1. d4 d5 2. c4 dxc4 3. Nf3 Nf6 4. e3 e6 5. Bxc4 c5 6. O-O a6 7. Bd3 cxd4 8.
exd4 Nc6 9. Nc3 Be7 10. a3 b5 11. b4 Bb7 12. Bb2 O-O 13. Ne4 Nxe4 14. Bxe4 Bf6
15. Rc1 Rc8 16. Rc5 g6 17. Qd2 Qd7 18. Rh5 Bg7 19. Rh3 Ne7 20. d5 f6 21. Qf4
Bxd5 22. Bxd5 Qxd5 23. Qh4 h5 24. Qg3 Rc4 25. Ne1 Nf5 26. Qxg6 Rg4 27. Qxh5 Rg5
28. Qh7+ Kf7 29. Rd3 Rxg2+ 30. Nxg2 Qxd3 31. Qh5+ Kg8 32. Nf4 Qe4 33. Ng6 Rd8
34. Rd1 Rxd1+ 35. Qxd1 Kh7 36. Qh5+ Nh6 37. Ne7 Qe1+ 38. Kg2 Qe4+ 39. Kg1 e5
40. Qd1 Ng4 41. Bc1 Qc4 42. h3 Bh6 43. Bxh6 Nxh6 44. Qh5 Qc1+ 45. Kg2 Qc2 46.
Qh4 Kg7 47. Nd5 Qc6 48. Qg3+ Kf7 49. Qf3 f5 50. Qh5+ Kf8 51. Kg1 Nf7 52. Ne3 f4
53. Nf5 e4 0-1

[Event "Copenhagen Chess Challenge 2013"]
[Site "Ballerup"]
[Date "2013.??.??"]
[Round "4"]
[White "Andersen, Daniel"]
[Black "Henriksen, Christian Steen"]
[Result "1-0"]
[WhiteElo "1935"]
[BlackElo "1814"]
[PlyCount "29"]
[EventDate "2013.??.??"]
[EventType "swiss"]
[EventRounds "9"]
[EventCountry "DEN"]

1. c4 Nf6 2. Nc3 d6 3. d4 g6 4. e4 Bg7 5. f4 c5 6. d5 Nbd7 7. Nf3 O-O 8. Bd3
Re8 9. O-O a6 10. h3 Qc7 11. Re1 b5 12. e5 dxe5 13. fxe5 Nh5 14. g4 Ng3 15. Bf4
1-0

[Event "Copenhagen Chess Challenge 2013"]
[Site "Ballerup"]
[Date "2013.??.??"]
[Round "4"]
[White "Petrovski, Petruli"]
[Black "Jensen, Jonbert"]
[Result "1-0"]
[WhiteElo "1858"]
[BlackElo "1576"]
[PlyCount "101"]
[EventDate "2013.??.??"]
[EventType "swiss"]
[EventRounds "9"]
[EventCountry "DEN"]

1. Nf3 Nf6 2. b3 g6 3. Bb2 Bg7 4. g3 O-O 5. Bg2 c5 6. O-O Nc6 7. d3 Rb8 8. Nbd2
d5 9. Ne5 Qc7 10. Nxc6 bxc6 11. Nf3 Ng4 12. Bxg7 Kxg7 13. h3 Nf6 14. Re1 Rd8
15. e3 e5 16. d4 cxd4 17. exd4 e4 18. Ne5 Re8 19. Rc1 Nd7 20. Nxd7 Bxd7 21. c4
Qd6 22. c5 Qc7 23. Qd2 a5 24. Re3 Ra8 25. Rce1 f5 26. Rc3 h6 27. h4 Rf8 28. Qf4
Qxf4 29. gxf4 Rfb8 30. a3 Rb7 31. Ree3 Kf6 32. Rg3 Rg8 33. Kf1 Be8 34. Ke1 Rbg7
35. Bf1 g5 36. hxg5+ hxg5 37. fxg5+ Rxg5 38. Rxg5 Rxg5 39. Rh3 Rh5 40. b4 axb4
41. axb4 f4 42. Rxh5 Bxh5 43. b5 cxb5 44. Bxb5 Bg4 45. Bc6 Ke6 46. Bb7 Bf5 47.
Kd2 e3+ 48. fxe3 fxe3+ 49. Kxe3 Be4 50. Kf4 Kd7 51. Ke5 1-0

[Event "Copenhagen Chess Challenge 2013"]
[Site "Ballerup"]
[Date "2013.??.??"]
[Round "4"]
[White "Undheim, Bjarne"]
[Black "Marthedal, Anton Mehmet Yildiz"]
[Result "1/2-1/2"]
[WhiteElo "1836"]
[BlackElo "1574"]
[PlyCount "46"]
[EventDate "2013.??.??"]
[EventType "swiss"]
[EventRounds "9"]
[EventCountry "DEN"]

1. e4 d6 2. d4 Nf6 3. Nc3 g6 4. Bg5 Bg7 5. Nf3 c5 6. Qd2 Qa5 7. d5 a6 8. Be2 h6
9. Bh4 O-O 10. O-O Kh7 11. h3 Nbd7 12. Bg3 b5 13. a3 Bb7 14. Nh2 Qb6 15. Qe3
Ne8 16. Kh1 Nc7 17. f4 Bd4 18. Qd2 f5 19. exf5 gxf5 20. Bf3 Nf6 21. Nd1 Nfxd5
22. c3 Bg7 23. Re1 e6 1/2-1/2

[Event "Copenhagen Chess Challenge 2013"]
[Site "Ballerup"]
[Date "2013.??.??"]
[Round "4"]
[White "Matthiesen, Martin"]
[Black "Semcesen, Daniel"]
[Result "1-0"]
[WhiteElo "2284"]
[BlackElo "2464"]
[PlyCount "119"]
[EventDate "2013.??.??"]
[EventType "swiss"]
[EventRounds "9"]
[EventCountry "DEN"]

1. d4 e6 2. c4 b6 3. a3 Bb7 4. Nc3 f5 5. d5 Be7 6. Nf3 Bf6 7. Nd4 Na6 8. g3 Ne7
9. Bg2 O-O 10. O-O Nc5 11. Be3 e5 12. Nb3 Nxb3 13. Qxb3 d6 14. c5 e4 15. Rfd1
Ba6 16. cxd6 cxd6 17. Bd4 Qd7 18. Bxf6 Rxf6 19. a4 Rc8 20. a5 Bc4 21. Qb4 Qb7
22. Bxe4 fxe4 23. Nxe4 Nxd5 24. Nxf6+ Nxf6 25. Qxd6 bxa5 26. Rac1 Kf7 27. Rd2
Be6 28. Rdc2 Rxc2 29. Rxc2 Ne8 30. Qf4+ Kg8 31. Qe5 Qd7 32. Rc3 a4 33. Rd3 Qc6
34. Rc3 Qd7 35. f3 h6 36. Kf2 a6 37. h4 Bf7 38. g4 Nf6 39. Rd3 Qb5 40. Rd8+ Kh7
41. Qd4 Be6 42. Rd6 Bb3 43. Rb6 Qd7 44. Rd6 Qb5 45. e4 Bc2 46. e5 Ne8 47. Rd5
Qb3 48. Rd8 Nc7 49. Rc8 Ne6 50. Qd2 Qb6+ 51. Kg2 Bb1 52. Rc1 Bg6 53. h5 Be8 54.
Rc8 Bf7 55. Qd3+ g6 56. hxg6+ Kg7 57. gxf7 Qxb2+ 58. Qc2 Qxe5 59. f8=Q+ Nxf8
60. Qc7+ 1-0

[Event "Copenhagen Chess Challenge 2013"]
[Site "Ballerup"]
[Date "2013.??.??"]
[Round "4"]
[White "Skousen, Nikolai"]
[Black "Hansen, Mads"]
[Result "1/2-1/2"]
[WhiteElo "2192"]
[BlackElo "2301"]
[PlyCount "89"]
[EventDate "2013.??.??"]
[EventType "swiss"]
[EventRounds "9"]
[EventCountry "DEN"]

1. c4 Nf6 2. Nc3 e6 3. Nf3 d5 4. e3 Nbd7 5. b3 c6 6. Bb2 Bd6 7. Be2 Qe7 8. d4
b6 9. O-O Bb7 10. Qc2 O-O 11. e4 Nxe4 12. Nxe4 dxe4 13. Qxe4 f5 14. Qc2 c5 15.
Rad1 cxd4 16. Rxd4 e5 17. Rd2 e4 18. Nd4 e3 19. fxe3 Qxe3+ 20. Rf2 Bxh2+ 21.
Kf1 Bg3 22. Bf3 Be4 23. Qd1 Nc5 24. Bc1 Bd3+ 25. Kg1 Rae8 26. Bd5+ Kh8 27. Nf3
Rf6 28. Rb2 Bxf2+ 29. Rxf2 Be2 30. Qe1 Qd3 31. b4 Nd7 32. Bb2 Rff8 33. Qa1 Re7
34. Nd4 Nf6 35. Nxf5 Rd7 36. Nxg7 Kxg7 37. Rxf6 Rxf6 38. Bxf6+ Kg6 39. Qe5 Rxd5
40. cxd5 Qb1+ 41. Kh2 Qf5 42. Qxe2 Kxf6 43. Qd2 Qe5+ 44. Kg1 Ke7 45. Kf2
1/2-1/2

[Event "Copenhagen Chess Challenge 2013"]
[Site "Ballerup"]
[Date "2013.??.??"]
[Round "4"]
[White "Hagen, Anders Gjerdrum"]
[Black "Bejtovic, Jasmin"]
[Result "1/2-1/2"]
[WhiteElo "2134"]
[BlackElo "2406"]
[PlyCount "130"]
[EventDate "2013.??.??"]
[EventType "swiss"]
[EventRounds "9"]
[EventCountry "DEN"]

1. d4 Nf6 2. c4 g6 3. Nc3 Bg7 4. e4 d6 5. Be2 O-O 6. Nf3 c5 7. d5 e6 8. O-O
exd5 9. exd5 Bg4 10. Bf4 a6 11. h3 Bxf3 12. Bxf3 Ne8 13. Qd2 Nd7 14. Rfe1 Ne5
15. Be2 f5 16. Bf1 Nf7 17. Bg3 Bh6 18. f4 Ng7 19. Be2 Re8 20. Bf3 Ne5 21. Be2
Nd7 22. Bf3 Qf6 23. Bf2 g5 24. g3 gxf4 25. gxf4 Ne5 26. Be2 Ng6 27. Bg3 Qd4+
28. Qxd4 cxd4 29. Na4 Bxf4 30. Bf2 Bd2 31. Nb6 Bxe1 32. Rxe1 Rad8 33. Bxd4 Re4
34. Bc3 Rde8 35. Kf1 Rf4+ 36. Kg1 Rfe4 37. Kf1 Nf4 38. Bd1 Nd3 39. Re2 Rxe2 40.
Bxe2 Nf4 41. Bd1 Ngh5 42. c5 Ng3+ 43. Kf2 Ne4+ 44. Kf3 Nxc3 45. bxc3 Ng6 46.
cxd6 Rd8 47. c4 Rxd6 48. c5 Rd8 49. Bb3 Kg7 50. d6 Kf6 51. Bd5 Ne5+ 52. Ke3 Nd7
53. Nxd7+ Rxd7 54. Bxb7 Rxb7 55. c6 Re7+ 56. dxe7 Kxe7 57. Kf4 Kd6 58. Kxf5
Kxc6 59. Kg5 Kb5 60. Kh6 Ka4 61. Kxh7 Ka3 62. h4 Kxa2 63. h5 a5 64. h6 a4 65.
Kg6 Kb1 1/2-1/2

[Event "Copenhagen Chess Challenge 2013"]
[Site "Ballerup"]
[Date "2013.??.??"]
[Round "4"]
[White "Tari, Aryan"]
[Black "Poulsen, Iver"]
[Result "1-0"]
[WhiteElo "2293"]
[BlackElo "2057"]
[PlyCount "47"]
[EventDate "2013.??.??"]
[EventType "swiss"]
[EventRounds "9"]
[EventCountry "DEN"]

1. e4 c5 2. Nf3 Nc6 3. d4 cxd4 4. Nxd4 d5 5. Nxc6 bxc6 6. exd5 Qxd5 7. Qe2 e5
8. Nc3 Qe6 9. g3 Bb4 10. Bg2 Ne7 11. Bd2 O-O 12. O-O Nf5 13. a3 Nd4 14. Qd3 Be7
15. Ne2 Nxe2+ 16. Qxe2 Rb8 17. Bc3 Bf6 18. Rfe1 Re8 19. Rad1 Bb7 20. Qe3 a6 21.
f4 exf4 22. Qxf4 Qa2 23. Ra1 Rxe1+ 24. Bxe1 1-0

[Event "Copenhagen Chess Challenge 2013"]
[Site "Ballerup"]
[Date "2013.??.??"]
[Round "4"]
[White "Hove, Esben Kjems"]
[Black "Skovgaard, Ib"]
[Result "1-0"]
[WhiteElo "2233"]
[BlackElo "2028"]
[PlyCount "53"]
[EventDate "2013.??.??"]
[EventType "swiss"]
[EventRounds "9"]
[EventCountry "DEN"]

1. d4 d5 2. c4 c6 3. Nc3 Nf6 4. Nf3 dxc4 5. a4 Bg4 6. Ne5 Bh5 7. Nxc4 Na6 8.
Bg5 Nb4 9. f3 Qxd4 10. Qxd4 Nc2+ 11. Kf2 Nxd4 12. e4 e6 13. Rd1 Bc5 14. Be3
O-O-O 15. e5 b5 16. exf6 gxf6 17. Ne4 bxc4 18. Nxc5 Nc2 19. Bxc4 Rhg8 20. Rxd8+
Kxd8 21. g4 Nxe3 22. Kxe3 Rg5 23. b4 Bg6 24. h4 Re5+ 25. Kf2 h5 26. f4 Be4 27.
Rd1+ 1-0

[Event "Copenhagen Chess Challenge 2013"]
[Site "Ballerup"]
[Date "2013.??.??"]
[Round "4"]
[White "Arvola, Benjamin"]
[Black "Vesterli, Michael E"]
[Result "1-0"]
[WhiteElo "2358"]
[BlackElo "2015"]
[PlyCount "125"]
[EventDate "2013.??.??"]
[EventType "swiss"]
[EventRounds "9"]
[EventCountry "DEN"]

1. e4 c5 2. Nf3 d6 3. d4 cxd4 4. Nxd4 Nf6 5. Nc3 Nc6 6. Bg5 e6 7. Qd2 a6 8.
O-O-O Bd7 9. f4 b5 10. Bxf6 gxf6 11. Kb1 Qb6 12. Nxc6 Bxc6 13. f5 b4 14. Ne2 e5
15. Ng3 Qc5 16. Bd3 h6 17. Qe2 Rg8 18. Bxa6 d5 19. exd5 Bxd5 20. Qb5+ Bc6 21.
Ne4 Bxb5 22. Nxf6+ Ke7 23. Nxg8+ Ke8 24. Bxb5+ Qxb5 25. Nf6+ Ke7 26. Nd5+ Kd8
27. Nc3+ Qd7 28. Rxd7+ Kxd7 29. Ne4 Kc6 30. Rd1 Bc5 31. g4 Bd4 32. c3 bxc3 33.
bxc3 Bc5 34. h4 Ra4 35. Re1 Be7 36. g5 Kd5 37. g6 fxg6 38. fxg6 Bxh4 39. g7 Ra8
40. Rg1 Rg8 41. Rg4 Bg5 42. Nxg5 Rxg7 43. Ne4 Rxg4 44. Nf6+ Kc4 45. Nxg4 Kxc3
46. Nxe5 h5 47. Ng6 Kb4 48. Kb2 Ka4 49. a3 Ka5 50. Kb3 Kb5 51. a4+ Ka5 52. Ka3
Ka6 53. Kb4 Kb6 54. a5+ Ka6 55. Ka4 Ka7 56. Kb5 Kb7 57. a6+ Ka7 58. Ka5 h4 59.
Nxh4 Ka8 60. Kb6 Kb8 61. Nf5 Ka8 62. Ne3 Kb8 63. Nd5 1-0

[Event "Copenhagen Chess Challenge 2013"]
[Site "Ballerup"]
[Date "2013.??.??"]
[Round "4"]
[White "Frank Nielsen, Marie"]
[Black "Percivaldi, Martin"]
[Result "0-1"]
[WhiteElo "1984"]
[BlackElo "2097"]
[PlyCount "86"]
[EventDate "2013.??.??"]
[EventType "swiss"]
[EventRounds "9"]
[EventCountry "DEN"]

1. e4 e6 2. d4 d5 3. e5 c5 4. c3 Qb6 5. Nf3 Nc6 6. Bd3 cxd4 7. O-O Bd7 8. Re1
a6 9. a3 Nge7 10. h4 dxc3 11. Nxc3 h6 12. Na4 Qc7 13. Bf4 b5 14. Nc3 Qb7 15.
Rc1 Na5 16. b3 Nc8 17. Nb1 Nc6 18. Qe2 Nb6 19. g4 g6 20. Bd2 Be7 21. Kh2 Kd8
22. Kg3 Be8 23. Rxc6 Bxc6 24. Nd4 Bd7 25. Ba5 Ke8 26. f4 Rg8 27. Kh3 Bd8 28.
Bb4 Nc8 29. f5 gxf5 30. gxf5 Ne7 31. fxe6 Bxe6+ 32. Nxe6 fxe6 33. Qh5+ Kd7 34.
Qf7 Qb6 35. Qf4 Rg1 36. Re3 Nc6 37. Kh2 Nxb4 38. axb4 Rg8 39. Nd2 Be7 40. Nf3
Raf8 41. Qxh6 Rxf3 42. Rxf3 Qg1+ 43. Kh3 Qg2# 0-1

[Event "Copenhagen Chess Challenge 2013"]
[Site "Ballerup"]
[Date "2013.??.??"]
[Round "4"]
[White "Brekka, Hanus"]
[Black "Olsen, Michael Richard W"]
[Result "1-0"]
[WhiteElo "2092"]
[BlackElo "1977"]
[PlyCount "65"]
[EventDate "2013.??.??"]
[EventType "swiss"]
[EventRounds "9"]
[EventCountry "DEN"]

1. e4 e5 2. Nf3 Nc6 3. Bc4 d6 4. d4 Nxd4 5. Nxd4 exd4 6. Qxd4 Be6 7. Nc3 Ne7 8.
Bxe6 fxe6 9. O-O Nc6 10. Qd3 Be7 11. Ne2 Qd7 12. f4 Bf6 13. Be3 O-O 14. c3 Rad8
15. Rad1 Qc8 16. Rf3 Rf7 17. Rh3 g6 18. Qc2 a6 19. Rf1 Rdd7 20. f5 gxf5 21.
exf5 e5 22. Ng3 d5 23. Nh5 Be7 24. f6 Bf8 25. Qf5 Ne7 26. Qxe5 Ng6 27. Qg5 Bd6
28. Ng7 Be5 29. Qh5 Rxf6 30. Qxh7+ Kf7 31. Nh5+ Ke6 32. Rxf6+ Bxf6 33. Qxg6 1-0

[Event "Copenhagen Chess Challenge 2013"]
[Site "Ballerup"]
[Date "2013.??.??"]
[Round "4"]
[White "Slettebo, Jan"]
[Black "Andersen, Troels Baekgaard"]
[Result "1/2-1/2"]
[WhiteElo "2054"]
[BlackElo "1837"]
[PlyCount "40"]
[EventDate "2013.??.??"]
[EventType "swiss"]
[EventRounds "9"]
[EventCountry "DEN"]

1. e4 d6 2. d4 e5 3. dxe5 dxe5 4. Qxd8+ Kxd8 5. Bc4 f6 6. Be3 c6 7. a4 Nd7 8.
a5 Bc5 9. Ke2 Bxe3 10. Kxe3 Nc5 11. b4 Be6 12. Nd2 Bxc4 13. Nxc4 Na6 14. c3 Ke7
15. g3 Nh6 16. f4 Nc7 17. h3 exf4+ 18. gxf4 f5 19. Ne2 fxe4 20. Kxe4 Rhe8
1/2-1/2

[Event "Copenhagen Chess Challenge 2013"]
[Site "Ballerup"]
[Date "2013.??.??"]
[Round "4"]
[White "Orio, Lars"]
[Black "Nielsen, Brian"]
[Result "0-1"]
[WhiteElo "1936"]
[BlackElo "2022"]
[PlyCount "130"]
[EventDate "2013.??.??"]
[EventType "swiss"]
[EventRounds "9"]
[EventCountry "DEN"]

1. e4 d6 2. d4 g6 3. Nf3 Nf6 4. Nc3 Bg7 5. Bc4 O-O 6. Qe2 Nc6 7. d5 Na5 8. Bd3
c5 9. Bd2 a6 10. a4 Bg4 11. h3 Bxf3 12. Qxf3 Nd7 13. Qd1 c4 14. Be2 Nc5 15. O-O
Bxc3 16. Bxc3 Nxe4 17. Be1 Rc8 18. Qd4 Nf6 19. Bc3 e5 20. dxe6 fxe6 21. Rad1
Rc6 22. Bf3 d5 23. Rfe1 Rd6 24. Qh4 Nc6 25. Re2 b5 26. axb5 axb5 27. Bg4 Nxg4
28. Qxg4 b4 29. Be5 Nxe5 30. Rxe5 Qf6 31. Qe2 d4 32. Re1 d3 33. cxd3 cxd3 34.
Qd2 Rfd8 35. R5e3 b3 36. Rf3 Qd4 37. Rf4 Qd5 38. Qc3 d2 39. Rd1 e5 40. Rc4 Rb6
41. Rc8 Rbd6 42. Rc5 Qd4 43. Qxb3+ Kg7 44. Rc7+ R8d7 45. Rc4 Qd5 46. Qc3 Kf6
47. f4 Re6 48. Kf2 Kf7 49. fxe5 Rxe5 50. Qf3+ Rf5 51. Rf4 Qc5+ 52. Kg3 Qe5 53.
Kg4 h5+ 54. Kg3 Kf6 55. h4 Rd3 56. Qxd3 Qxf4+ 57. Kh3 Qg4+ 58. Kh2 Qxd1 59.
Qd4+ Re5 60. Qd6+ Re6 61. Qd4+ Kf7 62. Qd7+ Re7 63. Qd5+ Kg7 64. Qd4+ Kh7 65.
b4 Qe2 0-1

[Event "Copenhagen Chess Challenge 2013"]
[Site "Ballerup"]
[Date "2013.??.??"]
[Round "4"]
[White "Andreassen, Mikkel"]
[Black "Haagen Larsen, Hans"]
[Result "1-0"]
[WhiteElo "1928"]
[BlackElo "1745"]
[PlyCount "71"]
[EventDate "2013.??.??"]
[EventType "swiss"]
[EventRounds "9"]
[EventCountry "DEN"]

1. d4 d6 2. Nf3 g6 3. g3 Bg7 4. Bg2 Nc6 5. c4 e5 6. d5 Nce7 7. e4 Bd7 8. Nc3 a6
9. Be3 Nf6 10. h3 O-O 11. O-O Ne8 12. c5 f5 13. cxd6 cxd6 14. a4 b5 15. a5 b4
16. Na4 Bb5 17. Re1 Nc7 18. Nb6 Rb8 19. Ng5 h6 20. Ne6 Nxe6 21. dxe6 f4 22.
gxf4 exf4 23. Bd4 Bxd4 24. Qxd4 Nc6 25. Qd5 Ne7 26. Qb3 Rb7 27. e5 Kh7 28. Bxb7
Nf5 29. exd6 Qg5+ 30. Kh1 Nh4 31. Rg1 Qc5 32. e7 Rf5 33. Rae1 Bc6+ 34. Bxc6
Qxc6+ 35. Nd5 Rxd5 36. e8=Q 1-0

[Event "Copenhagen Chess Challenge 2013"]
[Site "Ballerup"]
[Date "2013.??.??"]
[Round "5"]
[White "Georgiev, Vladimir"]
[Black "Hector, Jonny"]
[Result "1/2-1/2"]
[WhiteElo "2559"]
[BlackElo "2510"]
[PlyCount "35"]
[EventDate "2013.??.??"]
[EventType "swiss"]
[EventRounds "9"]
[EventCountry "DEN"]

1. d4 d5 2. c4 c6 3. Nc3 Nf6 4. e3 Bf5 5. cxd5 cxd5 6. Qb3 Nc6 7. Qxb7 Bd7 8.
Qb3 Rb8 9. Qd1 e5 10. Nf3 Bd6 11. dxe5 Nxe5 12. Be2 O-O 13. Nxe5 Bxe5 14. O-O
Qc7 15. h3 Bxc3 16. bxc3 Ne4 17. Qd4 Qxc3 18. Qxc3 1/2-1/2

[Event "Copenhagen Chess Challenge 2013"]
[Site "Ballerup"]
[Date "2013.??.??"]
[Round "5"]
[White "Brynell, Stellan"]
[Black "Haubro, Martin"]
[Result "1-0"]
[WhiteElo "2478"]
[BlackElo "2179"]
[PlyCount "41"]
[EventDate "2013.??.??"]
[EventType "swiss"]
[EventRounds "9"]
[EventCountry "DEN"]

1. d4 Nf6 2. Nf3 c5 3. e3 cxd4 4. exd4 d5 5. c4 e6 6. Nc3 Bb4 7. Bd3 Bxc3+ 8.
bxc3 dxc4 9. Bxc4 Qc7 10. Qd3 Nbd7 11. Ba3 b6 12. O-O Bb7 13. Ne5 Rc8 14. Qg3
Rg8 15. Bb3 g5 16. Rfe1 Nh5 17. Qh3 Nf4 18. Qxh7 Nf6 19. Ba4+ Bc6 20. Bxc6+
Qxc6 21. Qxf7+ 1-0

[Event "Copenhagen Chess Challenge 2013"]
[Site "Ballerup"]
[Date "2013.??.??"]
[Round "5"]
[White "Andersen, Mads"]
[Black "Englert, Fabian"]
[Result "1-0"]
[WhiteElo "2484"]
[BlackElo "2214"]
[PlyCount "75"]
[EventDate "2013.??.??"]
[EventType "swiss"]
[EventRounds "9"]
[EventCountry "DEN"]

1. d4 d5 2. c4 dxc4 3. Nf3 Nf6 4. Qa4+ c6 5. Qxc4 e6 6. Bg5 b5 7. Qc2 Bb7 8. e4
Be7 9. e5 Nd5 10. Bxe7 Qxe7 11. Nc3 Nxc3 12. bxc3 O-O 13. Bd3 h6 14. O-O Nd7
15. Nd2 Rab8 16. Ne4 c5 17. Nd6 c4 18. Be2 Bc6 19. f4 g6 20. a4 a6 21. axb5
axb5 22. Ra7 Qd8 23. Bg4 Kg7 24. Nxf7 Rxf7 25. Bxe6 Rf8 26. Bxd7 Qb6 27. Rfa1
Bb7 28. Qb2 Kh8 29. Qxb5 Qxb5 30. Bxb5 Bd5 31. Bd7 Rxf4 32. R7a5 Be4 33. e6 Rb2
34. R5a2 Rxa2 35. Rxa2 Bf5 36. Re2 Kg7 37. Bb5 Bd3 38. Re1 1-0

[Event "Copenhagen Chess Challenge 2013"]
[Site "Ballerup"]
[Date "2013.??.??"]
[Round "5"]
[White "Bekker Jensen, David"]
[Black "Smith, Axel"]
[Result "1-0"]
[WhiteElo "2292"]
[BlackElo "2467"]
[PlyCount "119"]
[EventDate "2013.??.??"]
[EventType "swiss"]
[EventRounds "9"]
[EventCountry "DEN"]

1. d4 d5 2. c4 c6 3. Nc3 e5 4. dxe5 d4 5. Ne4 Qa5+ 6. Bd2 Qxe5 7. Ng3 Nf6 8.
Nf3 Qd6 9. e3 dxe3 10. Bxe3 Bg4 11. Qxd6 Bxd6 12. O-O-O Be7 13. h3 Bxf3 14.
gxf3 g6 15. Re1 Nbd7 16. Bh6 Kd8 17. h4 Bc5 18. Rd1 Bxf2 19. Ne4 Nxe4 20. fxe4
Ke7 21. Bh3 Ne5 22. Bf4 Nxc4 23. Rd7+ Ke8 24. b3 Nb6 25. Rxb7 Bxh4 26. a4 f5
27. a5 Nd7 28. b4 Rf8 29. exf5 g5 30. Bd6 Rf6 31. Rd1 Bf2 32. Bg4 Rh6 33. Kc2
Rh4 34. Bf3 Rd8 35. Rd2 Bd4 36. Bxc6 Be3 37. Re2 Rc4+ 38. Kb3 Rxc6 39. Rxe3+
Kf7 40. Re7+ Kf6 41. Rexd7 Rxd6 42. Rxd8 Rxd8 43. Rxa7 Rh8 44. b5 g4 45. Rc7 g3
46. b6 h5 47. b7 g2 48. Rc1 h4 49. a6 h3 50. a7 h2 51. b8=Q h1=Q 52. Rc6+ Kxf5
53. Rc5+ Kg4 54. Rc4+ Kf5 55. Qf4+ Kg6 56. Rc6+ Kh5 57. Rc5+ Kg6 58. Qf5+ Kg7
59. Rc7+ Kg8 60. a8=Q# 1-0

[Event "Copenhagen Chess Challenge 2013"]
[Site "Ballerup"]
[Date "2013.??.??"]
[Round "5"]
[White "Mikkelsen, Nikolaj"]
[Black "Sylvan, Jacob"]
[Result "1-0"]
[WhiteElo "2417"]
[BlackElo "2341"]
[PlyCount "131"]
[EventDate "2013.??.??"]
[EventType "swiss"]
[EventRounds "9"]
[EventCountry "DEN"]

1. e4 c5 2. Nf3 d6 3. Bb5+ Bd7 4. Bxd7+ Qxd7 5. O-O Nc6 6. Qe2 Nf6 7. Rd1 g6 8.
c3 Bg7 9. d4 cxd4 10. cxd4 O-O 11. Nc3 d5 12. e5 Ne8 13. h4 Nc7 14. h5 gxh5 15.
Nh2 Qf5 16. Be3 Rad8 17. f4 Ne6 18. Qf3 Rd7 19. Ne2 h4 20. g4 hxg3 21. Nxg3 Qh3
22. f5 Nexd4 23. Bxd4 Nxd4 24. Rxd4 Bxe5 25. Rg4+ Kh8 26. Re1 Bd6 27. f6 e6 28.
Qg2 Qh6 29. Kh1 Rdd8 30. Rg1 Qxf6 31. Qh3 Rg8 32. Nh5 Qh6 33. Nf3 Rg6 34. Qh4
Rf8 35. Rg5 f6 36. R5g4 Be7 37. Qh2 Rfg8 38. Rxg6 Rxg6 39. Nf4 Rxg1+ 40. Kxg1
Bc5+ 41. Kh1 Qxh2+ 42. Nxh2 d4 43. Nxe6 d3 44. Nf1 Bd6 45. Kg2 Be5 46. b3 b5
47. Kf3 h5 48. Nc5 Kg7 49. Nxd3 Bc7 50. Ne3 Bb6 51. Nf5+ Kg6 52. Nd6 a6 53.
Nf4+ Kg5 54. Ne4+ Kf5 55. Nxh5 Bd4 56. Nf4 Ke5 57. Nd3+ Ke6 58. Ndc5+ Kd5 59.
Nxa6 Be5 60. Nb4+ Ke6 61. Nc2 Kd5 62. Nf2 f5 63. Nd1 Bd6 64. Nc3+ Kc5 65. Ne2
Be5 66. Ng3 1-0

[Event "Copenhagen Chess Challenge 2013"]
[Site "Ballerup"]
[Date "2013.??.??"]
[Round "5"]
[White "Bekker Jensen, Simon"]
[Black "Johansson, Linus"]
[Result "1-0"]
[WhiteElo "2412"]
[BlackElo "2348"]
[PlyCount "89"]
[EventDate "2013.??.??"]
[EventType "swiss"]
[EventRounds "9"]
[EventCountry "DEN"]

1. d4 Nf6 2. c4 e6 3. Nc3 Bb4 4. e3 b6 5. Nge2 Bb7 6. a3 Bd6 7. d5 O-O 8. g3
exd5 9. cxd5 Be5 10. Bg2 Bxc3+ 11. Nxc3 d6 12. O-O Nbd7 13. Re1 a5 14. e4 Nc5
15. Be3 Nfd7 16. b3 Re8 17. Rb1 Ba6 18. b4 axb4 19. axb4 Nd3 20. Re2 N3e5 21.
b5 Bc8 22. f4 Nc4 23. Bf2 Nc5 24. Rb4 Na5 25. h3 Nab7 26. Bd4 Ra5 27. e5 Bf5
28. Re3 Qa8 29. g4 Ra1 30. Nb1 Rxb1 31. Rxb1 Bxb1 32. Qxb1 Qa4 33. Qb2 h5 34.
e6 Qd1+ 35. Kh2 Na4 36. Qb4 Nbc5 37. gxh5 fxe6 38. dxe6 Nxe6 39. Qc4 Kf8 40.
Bc6 Qd2+ 41. Kg3 Nb2 42. Qd5 Nd3 43. Qf5+ Kg8 44. Rxd3 Qe1+ 45. Bf2 1-0

[Event "Copenhagen Chess Challenge 2013"]
[Site "Ballerup"]
[Date "2013.??.??"]
[Round "5"]
[White "Hagen, Andreas Skytte"]
[Black "Matthiesen, Martin"]
[Result "1-0"]
[WhiteElo "2400"]
[BlackElo "2284"]
[PlyCount "79"]
[EventDate "2013.??.??"]
[EventType "swiss"]
[EventRounds "9"]
[EventCountry "DEN"]

1. e4 c5 2. Nf3 d6 3. d4 cxd4 4. Nxd4 Nf6 5. Nc3 a6 6. Be3 e5 7. Nb3 Be6 8. f3
Be7 9. Qd2 O-O 10. O-O-O Nbd7 11. g4 Qc7 12. g5 Nh5 13. Nd5 Bxd5 14. Qxd5 Rac8
15. Qd2 Nb6 16. Kb1 g6 17. Qf2 Nc4 18. Bxc4 Qxc4 19. Rd3 f6 20. gxf6 Nxf6 21.
Qd2 Rf7 22. h4 Qe6 23. Bg5 Rcf8 24. Nc1 Nh5 25. Bxe7 Qxe7 26. Rxd6 Ng3 27. Rd1
Qxh4 28. Qd5 Nh5 29. Nd3 Nf4 30. Qxe5 Nxd3 31. cxd3 Rxf3 32. Qd5+ R3f7 33. e5
Qh5 34. Re1 Kg7 35. Rd7 Rxd7 36. Qxd7+ Rf7 37. Qd4 Re7 38. e6+ Kh6 39. Qf4+ Kg7
40. Rf1 1-0

[Event "Copenhagen Chess Challenge 2013"]
[Site "Ballerup"]
[Date "2013.??.??"]
[Round "5"]
[White "Fries Nielsen, Jens Ove"]
[Black "Lovik, Lasse Ostebo"]
[Result "1-0"]
[WhiteElo "2373"]
[BlackElo "2310"]
[PlyCount "79"]
[EventDate "2013.??.??"]
[EventType "swiss"]
[EventRounds "9"]
[EventCountry "DEN"]

1. d4 Nf6 2. Nc3 d5 3. Bf4 e6 4. Nb5 Na6 5. e3 Be7 6. Nf3 c6 7. Nc3 Qa5 8. Nd2
Bb4 9. Ncb1 O-O 10. Bd3 Be7 11. c3 c5 12. O-O Qb6 13. Qc2 Bd7 14. a4 Rac8 15.
a5 Qd8 16. Qd1 h6 17. Qf3 Bc6 18. Qh3 Bd6 19. Bxd6 Qxd6 20. f4 cxd4 21. exd4
Ne4 22. f5 exf5 23. Qxf5 Rce8 24. Nxe4 dxe4 25. Bc4 Re7 26. Nd2 g6 27. Qf6 Rd7
28. Rae1 Nc5 29. Qh4 Kg7 30. Re2 Na4 31. Nxe4 Qc7 32. Nf6 Rd6 33. Re3 Bxg2 34.
Kxg2 Qxc4 35. Ne8+ Rxe8 36. Rxe8 Re6 37. Rxe6 Qxe6 38. Qf2 f5 39. Re1 Qd5+ 40.
Qf3 1-0

[Event "Copenhagen Chess Challenge 2013"]
[Site "Ballerup"]
[Date "2013.??.??"]
[Round "5"]
[White "Danielsen, Henrik"]
[Black "Tari, Aryan"]
[Result "1-0"]
[WhiteElo "2500"]
[BlackElo "2293"]
[PlyCount "85"]
[EventDate "2013.??.??"]
[EventType "swiss"]
[EventRounds "9"]
[EventCountry "DEN"]

1. Nf3 Nf6 2. g3 b5 3. Bg2 Bb7 4. O-O e6 5. d3 Be7 6. e4 d6 7. a4 bxa4 8. Rxa4
Nbd7 9. Bd2 O-O 10. Ba5 Nb6 11. Ra2 Nfd7 12. Nbd2 d5 13. exd5 exd5 14. Nb3 c5
15. Bd2 d4 16. Qa1 Qc7 17. Bf4 Bd6 18. Bxd6 Qxd6 19. Rxa7 Rxa7 20. Qxa7 Bd5 21.
Qa1 Ra8 22. Qc1 Bxb3 23. cxb3 Re8 24. Re1 Rxe1+ 25. Qxe1 Qe6 26. Qxe6 fxe6 27.
Bh3 e5 28. Kf1 Kf7 29. Ng5+ Kf6 30. Ne4+ Ke7 31. Ke2 h6 32. Bf5 Kd8 33. h4 Kc7
34. Kf3 Kc6 35. Bxd7+ Nxd7 36. Kg4 Nf6+ 37. Kf5 Nxe4 38. Kxe4 Kd6 39. h5 Ke6
40. g4 Kf6 41. f3 Ke6 42. b4 cxb4 43. b3 1-0